[Event "Russian Championship B17 1st league 2016"]
[Site "Loo"]
[Date "2016.04.26"]
[Round "7.3"]
[White "Gitelson, Arkady"]
[Black "Goltsev, Dmitry"]
[Result "1/2-1/2"]
[WhiteElo "2123"]
[BlackElo "2169"]
[PlyCount "106"]
[EventDate "2016.04.20"]

1. Nf3 Nf6 2. g3 d5 3. Bg2 c6 4. O-O Bg4 5. d4 Nbd7 6. Nbd2 e6 7. Re1 Bd6 8. e4
dxe4 9. Nxe4 Nxe4 10. Rxe4 Nf6 11. Re1 O-O 12. c3 h6 13. Qb3 Qc7 14. Ne5 Bxe5
15. Rxe5 Nd7 16. Re1 Qb6 17. Bf4 Bf5 18. Bd6 Rfd8 19. Qa3 a5 20. Qb3 Rdc8 21.
Qxb6 Nxb6 22. b3 a4 23. c4 axb3 24. axb3 Bc2 25. Rxa8 Rxa8 26. Bc7 Nd7 27. d5
Bxb3 28. dxc6 bxc6 29. Bxc6 Ra7 30. Bxd7 Rxc7 31. Bb5 Rc5 32. Rc1 Kf8 33. Kf1
Ke7 34. Ke2 Rc8 35. Kd3 Rd8+ 36. Kc3 Bd1 37. c5 Bf3 38. Kb4 Rd4+ 39. Ka5 Rd2
40. c6 Bxc6 41. Bxc6 Rxf2 42. h4 g5 43. hxg5 hxg5 44. Kb4 f5 45. Kc3 Kf6 46.
Kd3 Rb2 47. Ke3 Rb3+ 48. Kf2 Rb2+ 49. Kg1 Rb3 50. Kg2 Rb2+ 51. Kg1 Rb3 52. Kh2
Rb2+ 53. Kg1 Rb3 1/2-1/2

[Event "Russian Championship B17 1st league 2016"]
[Site "Loo"]
[Date "2016.04.26"]
[Round "7.4"]
[White "Azimov, Ilyas"]
[Black "Indzhiev, Aldar"]
[Result "1-0"]
[WhiteElo "2154"]
[BlackElo "2081"]
[PlyCount "85"]
[EventDate "2016.04.20"]

1. d4 d5 2. c4 e5 3. dxe5 d4 4. Nf3 Nc6 5. a3 Nge7 6. Bf4 Ng6 7. Bg3 Bg4 8.
Nbd2 Qe7 9. h3 Bh5 10. Qc2 Bxf3 11. Nxf3 Ngxe5 12. Nxe5 Nxe5 13. Qe4 Nc6 14.
Qxe7+ Bxe7 15. Bxc7 Rc8 16. Bf4 Na5 17. Be5 Bf6 18. Bxf6 gxf6 19. e3 dxe3 20.
Rc1 b5 21. c5 exf2+ 22. Kxf2 Nb3 23. Bxb5+ Kf8 24. Rc3 Nxc5 25. Kf3 Ke7 26.
Rhc1 Ne6 27. Rxc8 Rxc8 28. Rxc8 Nd4+ 29. Kf2 Nxb5 30. a4 Nd6 31. Rc7+ Ke6 32.
Rxa7 f5 33. b4 Kd5 34. Rd7 Kc6 35. Rxd6+ Kxd6 36. Kf3 Kc6 37. Kf4 Kb7 38. Kxf5
h6 39. Kf6 Ka7 40. a5 Ka6 41. Kxf7 h5 42. g4 h4 43. g5 1-0

[Event "Russian Championship B17 1st league 2016"]
[Site "Loo"]
[Date "2016.04.26"]
[Round "7.5"]
[White "Spiridonov, Evgeny"]
[Black "Postnikov, Artem"]
[Result "1-0"]
[WhiteElo "2057"]
[BlackElo "2147"]
[PlyCount "93"]
[EventDate "2016.04.20"]

1. Nf3 Nf6 2. d4 d5 3. c4 c6 4. e3 e6 5. Nc3 Nbd7 6. Qc2 Bd6 7. g4 h6 8. Rg1
dxc4 9. Bxc4 c5 10. d5 exd5 11. Nxd5 Nxd5 12. Bxd5 Nf6 13. Bc4 Bxg4 14. Rxg4
Nxg4 15. Qe4+ Be7 16. Qxg4 Bf6 17. Bb5+ Kf8 18. Bd2 g6 19. Qe4 Qb6 20. Bc4 Kg7
21. Rd1 Rad8 22. Bc3 Rhe8 23. Qf4 Bxc3+ 24. bxc3 Rxd1+ 25. Kxd1 Qb1+ 26. Ke2
Re7 27. Qd6 Qb2+ 28. Nd2 Re8 29. Qd5 Rf8 30. Qe5+ Kg8 31. Qxc5 Rd8 32. Bd5 Qc2
33. Qd4 Rd7 34. e4 Qb2 35. Qf6 Qb5+ 36. c4 Qb6 37. Qxb6 axb6 38. Nf3 Rc7 39.
Ne5 Kg7 40. Nxf7 Rc5 41. Nd6 Ra5 42. e5 Rxa2+ 43. Kf3 Ra3+ 44. Kg2 Kf8 45. e6
Ke7 46. Nc8+ Ke8 47. Bxb7 1-0

[Event "Russian Championship B17 1st league 2016"]
[Site "Loo"]
[Date "2016.04.26"]
[Round "7.6"]
[White "Dmitriev, Maksim"]
[Black "Navrodskiy, Boris"]
[Result "0-1"]
[WhiteElo "1919"]
[BlackElo "2091"]
[PlyCount "112"]
[EventDate "2016.04.20"]

1. d4 d5 2. Nc3 Nf6 3. Bg5 c5 4. a3 e6 5. e4 dxe4 6. dxc5 Qxd1+ 7. Rxd1 Bxc5 8.
Nxe4 Be7 9. Nd6+ Bxd6 10. Rxd6 Nbd7 11. Rd1 h6 12. Bh4 g5 13. Bg3 O-O 14. Bd6
Re8 15. h4 g4 16. Bd3 a6 17. Ne2 b5 18. O-O Bb7 19. Nc3 Nd5 20. Nxd5 Bxd5 21.
b3 Rac8 22. Rfe1 Nc5 23. Bxc5 Rxc5 24. Re5 Rec8 25. c4 bxc4 26. bxc4 Bb7 27.
Rxc5 Rxc5 28. Rb1 Bc8 29. Kf1 Kg7 30. Ke2 Kf6 31. Ke3 Ke5 32. Rb8 Rc6 33. f4+
gxf3 34. gxf3 Kd6 35. f4 e5 36. fxe5+ Kxe5 37. Be2 f5 38. Rb1 f4+ 39. Kf2 Be6
40. c5 Rxc5 41. Bxa6 Rc2+ 42. Be2 Bg4 43. Rb5+ Kd6 44. Rb6+ Kc5 45. Rxh6 Rxe2+
46. Kf1 f3 47. Rf6 Bh3+ 48. Kg1 Rg2+ 49. Kh1 f2 50. h5 Rg1+ 51. Kh2 f1=Q 52.
Rxf1 Rxf1 53. Kxh3 Kd6 54. Kg4 Ke7 55. h6 Kf7 56. h7 Kg7 0-1

[Event "Russian Championship B17 1st league 2016"]
[Site "Loo"]
[Date "2016.04.26"]
[Round "7.7"]
[White "Vasilenok, Anton"]
[Black "Zakharov, Nikolay A"]
[Result "1/2-1/2"]
[WhiteElo "2159"]
[BlackElo "1942"]
[PlyCount "135"]
[EventDate "2016.04.20"]

1. d4 d5 2. c4 e6 3. Nf3 c6 4. g3 dxc4 5. Bg2 b5 6. O-O Bb7 7. Nc3 Nf6 8. e4
Be7 9. e5 Nd5 10. Ne4 h6 11. h4 Nd7 12. Qc2 c5 13. b3 cxd4 14. bxc4 Rc8 15. Qb3
Rxc4 16. Qxb5 Rb4 17. Qd3 Ra4 18. Re1 O-O 19. Bb2 Ba6 20. Qd1 Qa5 21. Nxd4 Rc8
22. Nb3 Qb4 23. Ned2 Qb5 24. Nf3 N7b6 25. Nfd4 Qd7 26. Kh2 Nb4 27. Be4 Rxa2 28.
Rxa2 Nxa2 29. Nc6 Qe8 30. Qf3 Nb4 31. Nxb4 Bxb4 32. Ra1 Bc4 33. Rxa7 Bd5 34.
Nd4 Bxe4 35. Qxe4 Nd5 36. Kg2 Bc3 37. Bxc3 Rxc3 38. Rb7 Rc7 39. Rb3 Qd7 40. Ra3
Ra7 41. Rxa7 Qxa7 42. Nb5 Qc5 43. Nd6 Qc7 44. Qa4 Qe7 45. Qc6 Qf8 46. Qc4 Qe7
47. Qg4 Qd8 48. Ne4 Qa8 49. Kh2 Qa1 50. Qe2 Qxe5 51. Qc4 Qf5 52. Kg2 Kh7 53.
Nd6 Qg6 54. Qd4 Ne7 55. Qf4 Kg8 56. Nc4 Qf5 57. Qb8+ Kh7 58. Ne3 Qe4+ 59. Kg1
Nf5 60. Nxf5 Qxf5 61. Kg2 Qe4+ 62. Kg1 e5 63. Qc7 Qf5 64. Qc5 f6 65. Qc4 Qf3
66. Qe6 e4 67. Qd5 f5 68. Qe5 1/2-1/2

[Event "Russian Championship B17 1st league 2016"]
[Site "Loo"]
[Date "2016.04.26"]
[Round "7.9"]
[White "Ovsyanyuk, Dmitriy"]
[Black "Tretyakov, Stepan"]
[Result "0-1"]
[WhiteElo "1928"]
[BlackElo "1967"]
[PlyCount "114"]
[EventDate "2016.04.20"]

1. e4 c5 2. Nf3 Nc6 3. d4 cxd4 4. Nxd4 g6 5. c4 Bg7 6. Nc2 d6 7. Be2 Nf6 8. Nc3
O-O 9. Be3 Be6 10. O-O Nd7 11. Nd4 Nxd4 12. Bxd4 Bxd4 13. Qxd4 Qb6 14. Nb5 Rfc8
15. b3 a5 16. f4 Qxd4+ 17. Nxd4 Nc5 18. f5 Bd7 19. Bf3 Rab8 20. Rae1 f6 21.
fxg6 hxg6 22. h4 b5 23. cxb5 Bxb5 24. Nxb5 Rxb5 25. Rc1 Rb4 26. Rf2 Rcb8 27.
Re2 a4 28. bxa4 Rxa4 29. Rc3 Rbb4 30. Rce3 Rb1+ 31. Kh2 Ra1 32. Rc3 R4xa2 33.
Rxa2 Rxa2 34. e5 Rd2 35. exd6 exd6 36. Ra3 Kf7 37. Ra7+ Ke6 38. Kg3 f5 39. Rc7
Ne4+ 40. Kf4 Rd4 41. Ke3 Rb4 42. Rg7 Kf6 43. Rd7 f4+ 44. Ke2 Ng3+ 45. Kd3 Nf5
46. Rd8 Rb2 47. Ke4 Rd2 48. Kxf4 Rd4+ 49. Be4 Ke7 50. Rg8 d5 51. h5 Rxe4+ 52.
Kg5 Rg4+ 53. Kxg4 Nh6+ 54. Kg5 Nxg8 55. Kxg6 d4 56. g4 d3 57. g5 Kf8 0-1

[Event "Russian Championship B17 1st league 2016"]
[Site "Loo"]
[Date "2016.04.26"]
[Round "7.10"]
[White "Valov, Eugeny"]
[Black "Voinikonis, Nikita"]
[Result "0-1"]
[WhiteElo "1970"]
[BlackElo "2168"]
[PlyCount "116"]
[EventDate "2016.04.20"]

1. d4 Nf6 2. Nf3 g6 3. c4 Bg7 4. Nc3 O-O 5. g3 d6 6. Bg2 Nc6 7. O-O Bf5 8. Nh4
Bd7 9. e4 e5 10. d5 Nd4 11. Be3 Ng4 12. h3 Nxe3 13. fxe3 g5 14. Nf5 Nxf5 15.
exf5 f6 16. Ne4 b6 17. b4 a5 18. a3 axb4 19. axb4 Rxa1 20. Qxa1 Qc8 21. g4 Qb7
22. Qc3 Ra8 23. c5 Qb8 24. Rc1 Ra7 25. cxd6 cxd6 26. b5 Kf7 27. Qb4 Bf8 28. h4
h6 29. hxg5 hxg5 30. Rc2 Rc7 31. Ra2 Ra7 32. Rc2 Rc7 33. Ra2 Ra7 34. Rb2 Qc7
35. Kf2 Ra1 36. Qc3 Qa7 37. Rc2 Ra2 38. Bf1 Qa4 39. Rxa2 Qxa2+ 40. Kf3 Qa7 41.
Qc2 Kg7 42. Qh2 Be8 43. Bd3 Qa1 44. Qc2 Qh1+ 45. Ke2 Qg2+ 46. Nf2 Qxd5 47. Qc7+
Bf7 48. Qxb6 Qa2+ 49. Kf1 d5 50. Qc7 e4 51. Be2 d4 52. exd4 Qa1+ 53. Kg2 Qxd4
54. Qb7 Bc5 55. Nh3 Qe3 56. Bc4 Qd2+ 57. Kh1 Qc1+ 58. Kg2 Qxc4 0-1

[Event "Russian Championship B17 1st league 2016"]
[Site "Loo"]
[Date "2016.04.26"]
[Round "7.11"]
[White "Anchutin, Nikita"]
[Black "Tchebalkin, Evgeny"]
[Result "1-0"]
[WhiteElo "2142"]
[BlackElo "1945"]
[PlyCount "71"]
[EventDate "2016.04.20"]

1. d4 Nf6 2. Nf3 b6 3. g3 Bb7 4. Bg2 e6 5. O-O Be7 6. c4 O-O 7. Nc3 Ne4 8. Qc2
Nxc3 9. Qxc3 Bf6 10. Qd3 d5 11. Bf4 Nd7 12. cxd5 exd5 13. Rac1 Rc8 14. b4 c6
15. Bh3 Re8 16. Rc2 g6 17. Nd2 Be7 18. a3 f5 19. Rfc1 Nf6 20. Nf3 Ne4 21. Ne5
c5 22. bxc5 bxc5 23. Qb5 Nd6 24. Qb2 cxd4 25. Rxc8 Bxc8 26. Nc6 Qd7 27. Qxd4
Nb5 28. Qd3 Nxa3 29. Nxe7+ Qxe7 30. Rc7 Qf8 31. Rxa7 Nc4 32. Bg2 Ne5 33. Bxd5+
Kh8 34. Bxe5+ Rxe5 35. Qc3 Qe8 36. f4 1-0

[Event "Russian Championship B17 1st league 2016"]
[Site "Loo"]
[Date "2016.04.26"]
[Round "7.12"]
[White "Karelov, Pavel"]
[Black "Levenshtein, Mark"]
[Result "0-1"]
[WhiteElo "1961"]
[BlackElo "2062"]
[PlyCount "108"]
[EventDate "2016.04.20"]

1. c4 Nf6 2. Nc3 g6 3. g3 Bg7 4. Bg2 O-O 5. e3 d6 6. Nge2 c6 7. O-O e5 8. d4
Bg4 9. Qb3 Qc8 10. f3 Bd7 11. d5 Na6 12. e4 Rb8 13. Be3 c5 14. Qc2 Nc7 15. a4
a6 16. a5 b6 17. Na4 Bxa4 18. Rxa4 b5 19. Ra2 bxc4 20. Nc3 Qb7 21. Rc1 Qb3 22.
Bf1 Nb5 23. Qe2 Nd4 24. Qxc4 Nxf3+ 25. Kg2 Nxh2 26. Qxb3 Rxb3 27. Bxa6 Nhg4 28.
Bg1 Bh6 29. Rc2 Be3 30. Bb5 Bxg1 31. Kxg1 Ra8 32. a6 Nxe4 33. Bc6 Nxc3 34. bxc3
Ra7 35. Bb7 Rb1+ 36. Kg2 Ne3+ 37. Kf3 Nxc2 38. Rxc2 Rbxb7 39. axb7 Rxb7 40. Kg4
f5+ 41. Kg5 Kg7 42. g4 h6+ 43. Kh4 g5+ 44. Kg3 fxg4 45. Kxg4 Kg6 46. Ra2 h5+
47. Kg3 Rf7 48. Ra6 Rf6 49. Ra1 h4+ 50. Kg4 Rf4+ 51. Kh3 Kh5 52. Ra6 Rf2 53.
Ra4 g4+ 54. Rxg4 Rf3+ 0-1

[Event "Russian Championship B17 1st league 2016"]
[Site "Loo"]
[Date "2016.04.26"]
[Round "7.13"]
[White "Isagov, Nariman"]
[Black "Chudinov, Igor"]
[Result "1-0"]
[WhiteElo "2057"]
[BlackElo "1936"]
[PlyCount "91"]
[EventDate "2016.04.20"]

1. d4 d6 2. c4 Nf6 3. Nc3 Nbd7 4. e4 e5 5. Nf3 Be7 6. Be2 O-O 7. O-O c6 8. d5
Nc5 9. Qc2 a5 10. Be3 Na6 11. Nd2 Ng4 12. Bxg4 Bxg4 13. f3 Bh5 14. a3 Bg5 15.
Qd3 Bxe3+ 16. Qxe3 Qc7 17. Rfc1 f6 18. Rab1 Nc5 19. b4 axb4 20. axb4 Na4 21. c5
Nxc3 22. Rxc3 Bf7 23. cxd6 Qxd6 24. Nc4 Qe7 25. dxc6 Bxc4 26. Rxc4 bxc6 27.
Rxc6 Rfb8 28. b5 Qd7 29. Qc5 Qd4+ 30. Qxd4 exd4 31. Rd6 Rd8 32. Rxd8+ Rxd8 33.
Kf2 d3 34. Ke1 d2+ 35. Kd1 Kf7 36. b6 Ke6 37. b7 Rb8 38. Kxd2 Kd7 39. Kd3 Kc7
40. Kc4 Kc6 41. h3 g5 42. g4 h6 43. Rb5 Kd6 44. Rb6+ Ke5 45. Kc5 Kf4 46. Rxf6+
1-0

[Event "Russian Championship B17 1st league 2016"]
[Site "Loo"]
[Date "2016.04.26"]
[Round "7.14"]
[White "Veklich, Igor"]
[Black "Shcherbashin, Victor"]
[Result "0-1"]
[WhiteElo "1914"]
[BlackElo "2057"]
[PlyCount "62"]
[EventDate "2016.04.20"]

1. e4 c5 2. Nf3 Nc6 3. d4 cxd4 4. Nxd4 Nf6 5. Nc3 e5 6. Ndb5 d6 7. Bg5 a6 8.
Na3 b5 9. Bxf6 gxf6 10. Nd5 f5 11. g3 Bg7 12. Bg2 fxe4 13. Bxe4 Ra7 14. Qh5 Ne7
15. Nxe7 Kxe7 16. O-O-O Be6 17. Bd5 Qb6 18. f4 Qc5 19. Bxe6 fxe6 20. Rhf1 exf4
21. Qxc5 dxc5 22. gxf4 Bh6 23. Rde1 Rf8 24. Re4 Rd7 25. c3 Rd5 26. Nc2 Rxf4 27.
Rfxf4 Rf5 28. Ne3 Bxf4 29. Kd2 Kd6 30. Ke2 Bxe3 31. Rxe3 Re5 0-1

[Event "Russian Championship B17 1st league 2016"]
[Site "Loo"]
[Date "2016.04.26"]
[Round "7.15"]
[White "Kolmagorov, Alexey"]
[Black "Lilov, Aleksandr"]
[Result "1/2-1/2"]
[WhiteElo "2037"]
[BlackElo "1935"]
[PlyCount "75"]
[EventDate "2016.04.20"]

1. d4 c5 2. d5 g6 3. c4 Bg7 4. Nf3 f5 5. Qc2 Nf6 6. e3 d6 7. Be2 b5 8. O-O Nbd7
9. Rd1 Nb6 10. cxb5 Nbxd5 11. Bc4 Bb7 12. Ng5 Qd7 13. Nc3 h6 14. Nh3 Nb6 15.
Na4 Nxa4 16. Qxa4 g5 17. f3 e6 18. Rb1 O-O 19. b4 cxb4 20. Qxb4 d5 21. Bb2 Qf7
22. Be2 Rfc8 23. Rbc1 Ne8 24. Bxg7 Qxg7 25. Nf2 Rc7 26. Rxc7 Qxc7 27. Nd3 Qb6
28. Nc5 Rc8 29. Rc1 Nd6 30. Rc3 a5 31. Qd4 e5 32. Qxe5 Rxc5 33. Qe6+ Kg7 34.
Qe7+ Kg8 35. Qe6+ Kg7 36. Qe7+ Kg8 37. Qe6+ Kg7 38. Qe7+ 1/2-1/2

[Event "Russian Championship B17 1st league 2016"]
[Site "Loo"]
[Date "2016.04.26"]
[Round "7.16"]
[White "Zabolotnov, Evgeny"]
[Black "Shastitko, Danil"]
[Result "1-0"]
[WhiteElo "2010"]
[BlackElo "1809"]
[PlyCount "73"]
[EventDate "2016.04.20"]

1. d4 Nf6 2. c4 e6 3. Nf3 d5 4. Nc3 Nbd7 5. cxd5 exd5 6. Bf4 c6 7. h3 Nb6 8. e3
Bf5 9. g4 Be4 10. Bd3 Bxd3 11. Qxd3 Nc4 12. b3 Nd6 13. Nd2 Qa5 14. f3 a6 15. a4
Nc8 16. O-O Bd6 17. Bxd6 Nxd6 18. e4 dxe4 19. fxe4 Nxg4 20. hxg4 Qg5 21. Qe2
O-O-O 22. e5 Ne8 23. Nde4 Qh4 24. Rad1 h5 25. g5 f6 26. Rf2 Qh3 27. Qf3 Qxf3
28. Rxf3 fxe5 29. dxe5 Rxd1+ 30. Nxd1 Nc7 31. Rf7 Kb8 32. Rxg7 Re8 33. Nf6 Rd8
34. Rd7 Rxd7 35. Nxd7+ Kc8 36. Nf6 Kd8 37. g6 1-0

[Event "Russian Championship B17 1st league 2016"]
[Site "Loo"]
[Date "2016.04.26"]
[Round "7.17"]
[White "Nerushev, Arseniy"]
[Black "Maximov, Kirill"]
[Result "1/2-1/2"]
[WhiteElo "1982"]
[BlackElo "1844"]
[PlyCount "81"]
[EventDate "2016.04.20"]

1. Nf3 Nf6 2. c4 e6 3. g3 d5 4. Bg2 d4 5. O-O c5 6. d3 Nc6 7. e3 e5 8. exd4
exd4 9. Bg5 Be7 10. Nbd2 O-O 11. a3 Bf5 12. Qc2 h6 13. Bxf6 Bxf6 14. Ne4 Bxe4
15. dxe4 Re8 16. Ne1 Ne5 17. Nd3 Rc8 18. Nxe5 Bxe5 19. f4 d3 20. Qb3 Bd4+ 21.
Kh1 Rc6 22. Rab1 Rb6 23. Qxd3 Bxb2 24. Rfd1 Bd4 25. e5 Rxb1 26. Rxb1 b6 27. Bd5
Qd7 28. Re1 Re7 29. e6 fxe6 30. Rxe6 Rxe6 31. f5 Qe7 32. fxe6 Kf8 33. Qf5+ Qf6
34. g4 Qxf5 35. gxf5 Ke7 36. Kg2 Bb2 37. Be4 Be5 38. h3 Bd4 39. Kf3 Bc3 40. Kf4
Kd6 41. Bb7 1/2-1/2

[Event "Russian Championship B17 1st league 2016"]
[Site "Loo"]
[Date "2016.04.26"]
[Round "7.18"]
[White "Shkurkin, Andrey"]
[Black "Efimenko, Aleksandr"]
[Result "1-0"]
[WhiteElo "2255"]
[BlackElo "1819"]
[PlyCount "95"]
[EventDate "2016.04.20"]

1. d4 d5 2. c4 e6 3. Nf3 Nf6 4. g3 dxc4 5. Bg2 Nc6 6. O-O Rb8 7. a4 a6 8. a5 b5
9. axb6 cxb6 10. Bf4 Bd6 11. Ne5 Ne7 12. Nc6 Nxc6 13. Bxc6+ Kf8 14. Bd2 Qc7 15.
Bg2 Bb7 16. Bxb7 Qxb7 17. Qa4 b5 18. Qxa6 Ke7 19. Nc3 Rhc8 20. e4 Qxa6 21. Rxa6
e5 22. Rxd6 Kxd6 23. dxe5+ Kxe5 24. Bf4+ Kd4 25. Rd1+ Kc5 26. Bd6+ Kc6 27. Bxb8
Rxb8 28. e5 b4 29. exf6 bxc3 30. bxc3 gxf6 31. Rd4 Kc5 32. Rf4 Kd5 33. Rxf6 Rb7
34. Kg2 Ke4 35. Rd6 Ke5 36. Rd4 Rc7 37. Kf3 f5 38. Ke3 Rc6 39. Rh4 Rc7 40. Rh6
Rf7 41. Rc6 Kd5 42. Ra6 Rg7 43. Ra5+ Ke6 44. Rc5 Rg4 45. f3 f4+ 46. Kf2 fxg3+
47. hxg3 Kd6 48. Rc8 1-0

[Event "Russian Championship B17 1st league 2016"]
[Site "Loo"]
[Date "2016.04.26"]
[Round "7.19"]
[White "Zhuravlev, Stepan"]
[Black "Maltsevskiy, Nikolay"]
[Result "1/2-1/2"]
[WhiteElo "2046"]
[BlackElo "1889"]
[PlyCount "122"]
[EventDate "2016.04.20"]

1. d4 Nf6 2. c4 g6 3. Nc3 Bg7 4. e4 d6 5. Be2 O-O 6. Bg5 c5 7. d5 Qb6 8. Qd2 e6
9. dxe6 Bxe6 10. Nf3 Nc6 11. O-O Nd4 12. Nxd4 cxd4 13. Bxf6 Bxf6 14. Nd5 Bxd5
15. exd5 Rfe8 16. Bd3 a5 17. Rab1 Qb4 18. Qc2 a4 19. Qd1 Re7 20. g3 Rae8 21.
Kg2 Bg5 22. Qg4 Bf6 23. Qd1 Bg7 24. h4 h5 25. Qc2 Re1 26. Rbxe1 Rxe1 27. Rxe1
Qxe1 28. Qxa4 Qd2 29. Qb3 Be5 30. a4 g5 31. hxg5 Qxg5 32. Qxb7 h4 33. Qc8+ Kg7
34. Qf5 Qxf5 35. Bxf5 hxg3 36. b4 d3 37. Bxd3 Bc3 38. b5 gxf2 39. b6 Ba5 40. b7
Bc7 41. Kxf2 Kf6 42. Ke3 Ke5 43. Be2 Bb8 44. Kd3 Kf6 45. a5 Ke7 46. Bd1 Kd8 47.
a6 Kc7 48. Ba4 Ba7 49. Ke4 f6 50. Kf5 Bd4 51. Ke6 f5 52. Kxf5 Ba7 53. Ke6 Bc5
54. Bb5 Bb4 55. Ba4 Bc5 56. Bc6 Ba7 57. Ke7 Bc5 58. Ba4 Bb4 59. Be8 Ba3 60. Bd7
Bc5 61. Bc8 Ba7 1/2-1/2

[Event "Russian Championship B17 1st league 2016"]
[Site "Loo"]
[Date "2016.04.26"]
[Round "7.20"]
[White "Nakonechny, Ignat"]
[Black "Kirillov, Konstantin"]
[Result "1-0"]
[WhiteElo "1857"]
[BlackElo "2002"]
[PlyCount "119"]
[EventDate "2016.04.20"]

1. e4 c5 2. d3 e6 3. Nd2 d5 4. g3 Nc6 5. Bg2 Nf6 6. Ne2 g6 7. O-O Bg7 8. h3 O-O
9. f4 b5 10. g4 Bb7 11. g5 Ne8 12. Nb3 Qb6 13. Be3 d4 14. Bf2 Nc7 15. a4 a6 16.
a5 Qa7 17. c3 Rfd8 18. e5 Bf8 19. cxd4 Nxd4 20. Bxb7 Qxb7 21. Nexd4 cxd4 22.
Nxd4 Bc5 23. Nb3 Bxf2+ 24. Rxf2 Nd5 25. Qd2 Ne7 26. Nc5 Qd5 27. b4 Nf5 28. Rc1
Rac8 29. Kh2 Kg7 30. Re1 Rc6 31. Qa2 h6 32. Qxd5 Rxd5 33. gxh6+ Kxh6 34. Kg2
Rd4 35. Re4 Rd8 36. Rd2 Kh5 37. d4 Kh6 38. Kf3 Kg7 39. Rd3 Nh4+ 40. Ke2 Nf5 41.
Kd2 Ne7 42. Kc3 Nf5 43. Rd1 Ne7 44. Rf1 Nf5 45. Kb3 Rxd4 46. Rxd4 Nxd4+ 47. Kc3
Nf5 48. Rd1 Ne3 49. Rd6 Rxd6 50. exd6 Kf8 51. Nxa6 Nc4 52. Kd4 Nxd6 53. Kc5 Ke7
54. Kc6 f6 55. Nc7 e5 56. fxe5 fxe5 57. Nxb5 e4 58. Nc3 e3 59. Nd5+ Ke6 60.
Nxe3 1-0

[Event "Russian Championship B17 1st league 2016"]
[Site "Loo"]
[Date "2016.04.26"]
[Round "7.21"]
[White "Khmelev, Mikhail"]
[Black "Chudiniv, Andrey"]
[Result "1-0"]
[WhiteElo "1917"]
[BlackElo "1986"]
[PlyCount "155"]
[EventDate "2016.04.20"]

1. e4 d6 2. d4 Nf6 3. Nc3 Nbd7 4. Nf3 e5 5. Bc4 Be7 6. Ng5 O-O 7. Bxf7+ Rxf7 8.
Ne6 Qe8 9. Nxc7 Qd8 10. Nxa8 b5 11. O-O Bb7 12. dxe5 Nxe5 13. Nc7 Qxc7 14. Nxb5
Qb6 15. a4 a6 16. Qd4 Qc6 17. Nc3 Nxe4 18. Qxe4 Qxe4 19. Nxe4 Bxe4 20. c3 Nd3
21. f3 Bg6 22. b4 Bf6 23. Bd2 Rb7 24. g4 h6 25. Ra2 Bf7 26. Raa1 Bc4 27. Rfb1
g5 28. b5 axb5 29. axb5 Rxb5 30. Rxb5 Bxb5 31. Ra5 Bc4 32. Ra1 Kg7 33. Kg2 Be5
34. Ra7+ Kg6 35. Rc7 Bd5 36. c4 Be6 37. Rc6 Kf6 38. h4 Nf4+ 39. Bxf4 Bxf4 40.
h5 Bd7 41. Rc7 Ke7 42. Ra7 Be3 43. Ra8 Bd4 44. Rb8 Be6 45. Rb7+ Bd7 46. Kf1 Kd8
47. Rb8+ Bc8 48. Ke2 Kc7 49. Ra8 Kb7 50. Ra5 Be6 51. Kd3 Bc5 52. Ra1 Bg8 53.
Re1 Kc6 54. Re8 Bf7 55. Rh8 Kd7 56. Rh7 Ke7 57. Rxh6 Kf8 58. Rf6 Kg7 59. Rf5
Ba3 60. Rxg5+ Kh7 61. Ra5 Bc1 62. Ra7 Kg8 63. Rd7 Bf4 64. Ke4 Bc1 65. Rxd6 Ba3
66. Rd8+ Kg7 67. Rc8 Bg8 68. g5 Be6 69. Rc7+ Kg8 70. f4 Bh3 71. f5 Bd6 72. Rc8+
Kh7 73. g6+ Kh6 74. Rh8+ Kg7 75. Rh7+ Kf8 76. f6 Be6 77. Rh8+ Bg8 78. f7 1-0

[Event "Russian Championship B17 1st league 2016"]
[Site "Loo"]
[Date "2016.04.26"]
[Round "7.22"]
[White "Privorotsky, Oleg"]
[Black "Sokolov, Ilia"]
[Result "1/2-1/2"]
[WhiteElo "1954"]
[BlackElo "1764"]
[PlyCount "99"]
[EventDate "2016.04.20"]

1. e4 e6 2. d4 d5 3. Nd2 Nf6 4. e5 Nfd7 5. f4 c5 6. c3 Nc6 7. Ndf3 Be7 8. g3
O-O 9. Kf2 Qa5 10. Kg2 b5 11. Bd3 Ba6 12. Bb1 Rfc8 13. Nh3 g6 14. Nhg5 b4 15.
Bd2 bxc3 16. bxc3 cxd4 17. cxd4 Qb5 18. Bc2 Qe2+ 19. Qxe2 Bxe2 20. Rhe1 Bxf3+
21. Nxf3 Ncxe5 22. fxe5 Rxc2 23. Rec1 Rac8 24. Rxc2 Rxc2 25. Rc1 Rxa2 26. Kh3
Bf8 27. Rc8 Kg7 28. Rd8 Ra3 29. Ne1 Nb6 30. Rxf8 Rxg3+ 31. Kxg3 Kxf8 32. Nd3
Nc4 33. Bc1 Ke7 34. Nc5 f6 35. exf6+ Kxf6 36. Kf4 e5+ 37. dxe5+ Nxe5 38. Bb2
g5+ 39. Kg3 Kf5 40. Nb7 Nc4 41. Bd4 a5 42. Nc5 h5 43. Na4 Nd2 44. Kf2 g4 45.
Bb6 Nb3 46. Nc3 d4 47. Nb5 d3 48. Nc3 d2 49. Ke2 h4 50. Bc7 1/2-1/2

[Event "Russian Championship B17 1st league 2016"]
[Site "Loo"]
[Date "2016.04.26"]
[Round "7.23"]
[White "Rozmanov, Aleksandr"]
[Black "Kiyashko, Andrey"]
[Result "0-1"]
[WhiteElo "1927"]
[BlackElo "1653"]
[PlyCount "82"]
[EventDate "2016.04.20"]

1. e4 c5 2. Nf3 e6 3. d4 cxd4 4. Nxd4 Nf6 5. Bd3 d6 6. O-O Be7 7. Nd2 a6 8. c4
Qc7 9. b3 Nbd7 10. Bb2 b6 11. Rc1 Bb7 12. Qe2 O-O 13. Kh1 Rac8 14. f4 Rfd8 15.
f5 e5 16. Nc2 Nc5 17. Nb4 Ne8 18. Nf3 Nf6 19. Nd5 Bxd5 20. cxd5 Qa7 21. Bc2 b5
22. b4 Ncd7 23. a4 Rc4 24. Nd2 Rc7 25. a5 Rdc8 26. Bd3 Rxc1 27. Bxc1 Qd4 28.
Nf3 Qxb4 29. Bd2 Qa3 30. Rb1 Nc5 31. Bc2 Na4 32. Rb3 Qa2 33. Bd1 Rc4 34. Re3
Qb1 35. Ne1 Nxe4 36. Bc2 Rxc2 37. Rxe4 Rxd2 38. Qg4 Rd1 39. h3 Rxe1+ 40. Rxe1
Qxe1+ 41. Kh2 Bh4 0-1

[Event "Russian Championship B17 1st league 2016"]
[Site "Loo"]
[Date "2016.04.26"]
[Round "7.24"]
[White "Kravchenko, Daniil"]
[Black "Tokmashov, Maxim"]
[Result "1-0"]
[WhiteElo "1876"]
[BlackElo "2145"]
[PlyCount "55"]
[EventDate "2016.04.20"]

1. d4 Nf6 2. c4 e6 3. Nf3 b6 4. Bg5 Bb7 5. e3 h6 6. Bh4 Be7 7. Bd3 O-O 8. Nc3
c5 9. O-O cxd4 10. exd4 d6 11. Re1 Nbd7 12. Rc1 Rc8 13. h3 Qc7 14. d5 e5 15.
Nb5 Qd8 16. Nxa7 Ra8 17. Nc6 Bxc6 18. dxc6 Nb8 19. Bxf6 Bxf6 20. Be4 Rxa2 21.
b4 Be7 22. b5 f5 23. Bd5+ Kh8 24. Ra1 Rxa1 25. Qxa1 e4 26. Nd4 Bf6 27. Ne6 Qc8
28. Qa7 1-0

[Event "Russian Championship B17 1st league 2016"]
[Site "Loo"]
[Date "2016.04.26"]
[Round "7.25"]
[White "Tyatyushkin, Danil"]
[Black "Revutskiy, Svyatoslav"]
[Result "1/2-1/2"]
[WhiteElo "2028"]
[BlackElo "1734"]
[PlyCount "165"]
[EventDate "2016.04.20"]

1. e4 c6 2. d4 d5 3. e5 Bf5 4. Nc3 e6 5. g4 Bg6 6. Nge2 Nd7 7. Bg2 c5 8. Be3
cxd4 9. Bxd4 Ne7 10. O-O h5 11. Nb5 Nc6 12. Nf4 Ndxe5 13. gxh5 Bf5 14. Re1 Bd6
15. Nxd5 exd5 16. f4 O-O 17. fxe5 Bb8 18. h6 a6 19. hxg7 Re8 20. Qh5 Bh7 21.
Rf1 Qe7 22. Bxd5 Nxe5 23. Bxe5 Bxe5 24. Qxf7+ Qxf7 25. Rxf7 Bxg7 26. Nc7 Bd4+
27. Kf1 Re5 28. Rf5+ Kh8 29. Rxe5 Rf8+ 30. Kg2 Bxe5 31. Ne6 Rg8+ 32. Kf2 Bxc2
33. Re1 Bf6 34. Bxb7 Bh4+ 35. Kf1 Bd3+ 36. Re2 Rg6 37. Nd4 Rb6 38. Be4 Bxe2+
39. Nxe2 Rxb2 40. Bd5 Rb5 41. Bc4 Rf5+ 42. Kg2 a5 43. Ng3 Bxg3 44. hxg3 Rc5 45.
Bb3 Kg7 46. Kf3 Kf6 47. Kf4 a4 48. Bd1 Rc4+ 49. Ke3 Rc3+ 50. Kd4 Ra3 51. Kc4
Rxa2 52. Kb4 a3 53. Bb3 Ra1 54. Bc4 Kf5 55. Kb3 Kg4 56. Be6+ Kxg3 57. Bg8 Kf4
58. Bf7 Ke5 59. Bc4 Kd4 60. Bg8 Rg1 61. Bf7 Rg3+ 62. Ka2 Kc5 63. Be6 Kb4 64.
Bf7 Rg2+ 65. Ka1 Rf2 66. Be6 Kc3 67. Bg8 Kb4 68. Be6 Rc2 69. Bg8 Kc3 70. Bf7
Kb4 71. Be6 a2 72. Bxa2 Ka3 73. Bb1 Rb2 74. Bf5 Ra2+ 75. Kb1 Rf2 76. Bh7 Rb2+
77. Ka1 Kb3 78. Bg8+ Kc3 79. Bh7 Rb5 80. Bb1 Kb3 81. Ba2+ Ka3 82. Bb1 Rxb1+ 83.
Kxb1 1/2-1/2